| 000 | 00338nam a22001457a 4500 | ||
|---|---|---|---|
| 003 | OSt | ||
| 005 | 20211231130756.0 | ||
| 008 | 211231b |||||||| |||| 00| 0 eng d | ||
| 020 | _a0072340789 | ||
| 040 | _cHU | ||
| 082 | _a006.7 | ||
| 100 |
_aLaudon _924691 |
||
| 245 | _aMicrosoft Power Point 2000 Brief Edition | ||
| 942 |
_2ddc _cBOOKS _n0 |
||
| 999 |
_c25539 _d25539 |
||